| 000 | 00660nam a22002057a 4500 | ||
|---|---|---|---|
| 003 | OSt | ||
| 005 | 20240830195741.0 | ||
| 008 | 240830b |||||||| |||| 00| 0 eng d | ||
| 020 | _a0761964991 | ||
| 040 |
_aMUST _cDDC |
||
| 082 | _a658.4 PAT 2000 | ||
| 100 |
_aPaton Robert A. and McCalman James _919089 |
||
| 245 |
_aChange Management/ _bA guide to Effective Implementation _cPaton Robert A. and McCalman James |
||
| 250 | _aSecond Edition | ||
| 260 |
_aCalifonia: _bSAGE Publications Ltd,; _c2000. |
||
| 300 |
_avii,280p: _bill; _c23cm. |
||
| 504 | _aincludes bibliographical References and indexes | ||
| 650 |
_aManagement _9364 |
||
| 942 |
_2ddc _cO_SHELF |
||
| 999 |
_c9344 _d9344 |
||